Les René célèbres - Statistiques

Statistiques générales
  • Ce quiz a été pris 65 fois
  • Le résultat moyen est 3 sur 16
Statistiques - réponses
Par images Réponse % Correct
René Lacoste
58%
François-René de Chateaubriand
56%
Saint René d'Angers
46%
René Goscinny
41%
René d'Anjou
14%
Rene Russo
14%
René Metge
10%
René Vietto
10%
René Barjavel
8%
René Clair
8%
René Fallet
8%
René Lévesque
8%
René Clément
5%
René Girard
5%
René Laennec
5%
René de La Tour du Pin
2%
Aucun quiz correspondant
Distribution des résultats
% des personnes avec chaque résultat
Percentile par nombre de réponses
Votre historique - résultats
Vous n’avez pas pris ce quiz